Acta Instituti botanica Academiae scientiarum Slovacae series A Taxonomica, geobotanica

Bibliographic Details
New Title:Acta botanica slovaca Academiae scientiarum slovacae. Series A, Taxonomica. Geobotanica
Format: Serial
Language:Slovak
PhysicalDescription:2 zv. tab. 24 cm
Published: Bratislava Veda 1974
ISSN:1335-9002
0139-8997
Subjects:

MARC

LEADER 00000cas a2200000 a 4500
001 vtls009797791
003 SK-MaSNL
005 20260221112911.0
008 200403d19741974xo fn r 000 |slo
022 |a 1335-9002 
035 |a (SVKBBclas03)vtls000267412 
040 |a SVKBB  |b slo  |c SVKBB  |d SNK  |e AACR2 
041 0 |a slo 
044 |a xo  |c SK 
072 7 |a 58  |x Botanika  |2 konspekt 
080 |a 58  |2 2011 
080 |a (082)  |2 2001 
080 |a 581.52  |2 2011 
080 |a 050  |2 2011 
210 0 |a Acta Inst. bot. Acad. sci. slovacae, Ser. A, Taxon. Geobot. 
222 0 |a Acta Instituti botanici Academiae scientiarum slovacae. Series A, Taxonomica. Geobotanica 
245 0 0 |a Acta Instituti botanica Academiae scientiarum Slovacae  |b series A  |p Taxonomica, geobotanica 
246 1 2 |a Taxonomica, geobotanica 
260 |a Bratislava  |b Veda  |c 1974 
300 |a 2 zv.  |b tab.  |c 24 cm 
310 |a Nepravidelne 
362 0 |a 1 (1974)-2 (1974)  |z SKP 
650 0 7 |a botanika  |2 SNKPH 
650 0 7 |a Botany  |2 SNKPHeng 
650 0 7 |a Geobotany  |2 SNKPHeng 
650 0 7 |a geobotanika  |2 SNKPH 
655 7 |a zborníky  |2 SNKPH 
655 7 |a Papers of several authors  |2 SNKPHeng 
710 2 |a Slovenská akadémia vied.  |b Centrum biológie rastlín a biodiverzity.  |b Botanický ústav  |4 pbl 
785 0 0 |t Acta botanica slovaca Academiae scientiarum slovacae. Series A, Taxonomica. Geobotanica  |x 0139-8997  |w vtls010588991 
910 |a snmk 
910 |a snk 
999 |c 1016  |d 2946 
952 |0 0  |1 0  |4 0  |7 0  |a SNK  |b SNK  |d 2000-05-29  |l 0  |o snkČSC 2123/1/1974  |p 17A0241807  |r 2005-01-02 00:00:00  |w 2026-02-21  |y PREZ